Využitie web scrapingu na získavanie dát zo spravodajských stránok: nástroje, techniky a aplikácie

Tento príspevok sa zaoberá využitím web scrapingu ako techniky na automatizované získavanie údajov z webových stránok. Predstavuje základné prístupy k web scrapingu, vrátane web crawlingu a extrakcie údajov zo statických a dynamických stránok, a poskytuje prehľad o nástrojoch, ako sú Beautiful Soup,...

Descripción completa

Guardado en:
Detalles Bibliográficos
Autor principal: Zuzik, Jozef, 1985-
Otros Autores: Vavlič, Lukáš, 1992-
Formato: Capítulo de libro
Lenguaje:eslovaco
Materias:
Etiquetas: Agregar Etiqueta
Sin Etiquetas, Sea el primero en etiquetar este registro!

MARC

LEADER 00000naa$a2200000$$$4500
001 0305888
005 20250108125946.7
041 0 |a slo 
044 |a SK 
245 1 0 |a Využitie web scrapingu na získavanie dát zo spravodajských stránok: nástroje, techniky a aplikácie  |c Jozef Zuzik, Lukáš Vavlič 
520 |a Tento príspevok sa zaoberá využitím web scrapingu ako techniky na automatizované získavanie údajov z webových stránok. Predstavuje základné prístupy k web scrapingu, vrátane web crawlingu a extrakcie údajov zo statických a dynamických stránok, a poskytuje prehľad o nástrojoch, ako sú Beautiful Soup, Scrapy a Selenium, ktoré uľahčujú prácu s rôznymi typmi dátových zdrojov. Príspevok sa zameriava na aplikácie web scrapingu v oblastiach marketingu a financií, ako sú monitorovanie cien, analýza sentimentu či zhromažďovanie údajov z finančných trhov. Získané dáta umožňujú efektívnejšiu analýzu obsahu a podporujú identifikáciu trhových trendov. Príspevok zdôrazňuje význam web scrapingu ako moderného nástroja na spracovanie veľkého množstva údajov v reálnom čase. 
610 2 0 |a web scraping 
610 2 0 |a dáta 
610 2 0 |a stránky webové 
100 1 |a Zuzik, Jozef, 1985- 
700 1 |a Vavlič, Lukáš, 1992-